Gauging the Effect of a Digital Tool on Students Learning Performance and Motivation in a Science Classroom/ (Record no. 593323)
[ view plain ]
| 000 -LEADER | |
|---|---|
| fixed length control field | 00572nam a22001577a 4500 |
| 003 - CONTROL NUMBER IDENTIFIER | |
| control field | NUST |
| 082 ## - DEWEY DECIMAL CLASSIFICATION NUMBER | |
| Classification number | 200 |
| 100 ## - MAIN ENTRY--PERSONAL NAME | |
| Personal name | Waheed, Zahra |
| 245 ## - TITLE STATEMENT | |
| Title | Gauging the Effect of a Digital Tool on Students Learning Performance and Motivation in a Science Classroom/ |
| Statement of responsibility, etc. | Zahra Waheed, |
| 264 ## - PRODUCTION, PUBLICATION, DISTRIBUTION, MANUFACTURE, AND COPYRIGHT NOTICE | |
| Place of production, publication, distribution, manufacture | Islamabad : |
| Name of producer, publisher, distributor, manufacturer | SEECS, NUST, |
| Date of production, publication, distribution, manufacture, or copyright notice | 2023. |
| 300 ## - PHYSICAL DESCRIPTION | |
| Extent | 148 p. ; |
| Dimensions | 30 cm. |
| 650 ## - SUBJECT ADDED ENTRY--TOPICAL TERM | |
| Topical term or geographic name entry element | MS-Innovative Technologies in Learning |
| 700 ## - ADDED ENTRY--PERSONAL NAME | |
| Personal name | Supervisor: Dr. Tahira Anwar Lashari |
| 856 ## - ELECTRONIC LOCATION AND ACCESS | |
| Uniform Resource Identifier | <a href="http://10.250.8.41:8080/xmlui/handle/123456789/32301">http://10.250.8.41:8080/xmlui/handle/123456789/32301</a> |
| 942 ## - ADDED ENTRY ELEMENTS (KOHA) | |
| Source of classification or shelving scheme | |
| Koha item type | Soft Copy |
| Withdrawn status | Permanent Location | Current Location | Shelving location | Date acquired | Full call number | Barcode | Koha item type |
|---|---|---|---|---|---|---|---|
| Central Library (CL) | Central Library (CL) | Thesis | 02/16/2023 | 200 | CL-T-6709 | Soft Copy |
